Statistics for FIFA 19 Top 10 Premier League Central Defenders

Click here to take the quiz!

General Stats

  • This quiz has been taken 51 times
  • The average score is 9 of 10

Answer Stats

Rank Player Team OVA % Correct
1Jan VertonghenTottenham Hotspur87
100%
2Nicolas OtamendiManchester City86
96%
4Virgil van DijkLiverpool85
96%
5Toby AlderweireldTottenham Hotspur85
94%
7Davinson SanchezTottenham Hotspur84
92%
9Aymeric LaporteManchester City83
92%
6Vincent KompanyManchester City85
86%
10David LuizChelsea83
86%
3Cesar AzpilicuetaChelsea86
82%
8SokratisArsenal84
78%

Score Distribution

Percentile by Number Answered

Percent of People with Each Score

Your Score History

You have not taken this quiz